| 000 | 01451nam0a2200349 4500 | ||
|---|---|---|---|
| 001 | RU\NLR\bibl\336361 | ||
| 005 | 20250621150105.0 | ||
| 010 | _a5-89161-020-5 | ||
| 035 | _a(NLR Aleph) 000331285 | ||
| 090 |
_a158660 _c158660 |
||
| 100 | _a20021119d2001 |||y0rusy50 ca | ||
| 101 | 0 | _arus | |
| 102 | _aRU | ||
| 105 | _aa ||||||||| | ||
| 200 | 1 |
_aВидеокамеры и видеосъемка _eПракт. рук. _fДм. Синецкий |
|
| 205 | _a3-е изд., авт. перераб., доп. и снабж. Практикумом | ||
| 210 |
_aМ. _cA.D.& T. _d2001 |
||
| 215 |
_a193,[4] с. _cил. _d22 |
||
| 225 | 1 |
_aСамостоятельно от Азов к Мастерству _eСАМ |
|
| 606 | 0 |
_aВидеокамеры _jРуководства, пособия и т.п. _92079395 _3RU\NLR\auth\661255276 |
|
| 606 | 0 |
_aВидеокамеры _jУчебные издания _92079395 _3RU\NLR\auth\661255276 |
|
| 606 | 0 |
_aВидеосъемка _jРуководства, пособия и т.п. _92096561 _3RU\NLR\auth\661268461 |
|
| 606 | 0 |
_aВидеосъемка _jУчебные издания _92096561 _3RU\NLR\auth\661268461 |
|
| 686 | _aЗ940.1-5я7 | ||
| 686 | _aМ951я7 | ||
| 700 | 1 |
_aСинецкий _bД. Б. _gДмитрий Борисович _4070 |
|
| 801 | 0 |
_aRU _bNLR _c20021119 _gPSBO |
|
| 801 | 1 |
_aRU _bNLR _c20021119 |
|
| 830 | _aАвт. по кн. | ||
| 942 | _cBOOK | ||
| 980 | _aNB | ||